000
00197nam a2200109Ia 4500
100
_a
CERF/BENETT.A.
942
_c
BK
245
_a
THE BESIDE.
260
_b
#N/A
546
_a
ENGLISH
999
_c
23919
_d
23919